000 00299nam a22001337a 4500
008 180220b xxu||||| |||| 00| 0 eng d
020 _a9781308381510
041 _aeng
080 _a615.83
100 _a8
101 _aekz
245 _apsychology sociology of sport
_cmarc.c
942 _2udc
_cBK
999 _c42874
_d42874